LEADER 00562nab a2200145 i 4500 001 000000275719 003 CaOOAMICUS 005 20110801000000.0 008 110801n xx uu u0 0und r 013 $a25126 040 $aSeMil$bita 245 10$a[SENZA TITOLO]. - [27] c. - In copertina :$bServizi disponibili in rete. 500 $a29 luglio 2011 [N. 1938]. 773 0 $t[2011.$dRoma : Società per l'Informazione Religiosa (SIR), stampa 2011.$w()203776 996 $6245$a[SENZA TITOLO]. - [27] c. - In copertina :$bServizi disponibili in rete.$9(OLS)http://semarc/title/361389 LEADER 01355nas a2200229 i 4500 001 000000217553 003 CaOOAMICUS 005 20121207000000.0 008 121207b1977 it uu u0 0mul r 013 $a196450 040 $aSeMil$bita 100 1 $aIbarra, Eduardo.$0(OLS)http://semarc/name/43559 245 10$aChristianity in latin America :$bInternational bibliography, 1973-1974 indexed by computer = Christianisme en Amerique latine : bibliographie internationale, 1973-1974 établie par ordinateur /$cEduardo Ibarra. 246 01$aChristianisme en Amerique latine : bibliographie internationale, 1973-1974 établie par ordinateur 260 $aStrasbourg :$bCerdic,$c1977. 300 $a80 p. ;$c21 cm. 773 0 $tRIC Supplément.$dStrasbourg : Cerdic, [198?]$w()27777 850 $aSeMil 852 $aSeMil$W1$xVenegono$y1$m2J V 66$j167967$B167967$CSeMilBibl$Z2$F178743 $81 996 $6245$aChristianity in latin America :$bInternational bibliography, 1973-1974 indexed by computer = Christianisme en Amerique latine : bibliographie internationale, 1973-1974 établie par ordinateur$9(OLS)http://semarc/title/312587 996 $6246$aChristianisme en Amerique latine : bibliographie internationale, 1973-1974 établie par ordinateur$9(OLS)http://semarc/title/312588 996 $6260$aStrasbourg :$bCerdic$9(OLS)http://semarc/publisher/30828